000 00333nam a22001457a 4500
008 230706b ||||| |||| 00| 0 eng d
020 _a9781464192920
041 _aeng
080 _2THIRD EDITION
_a311
082 _a311LAR
100 _a23
101 _aSTAT
245 _aDISCOVERING STATISTICS
_cLAROSE .T .D
942 _2udc
_cBK
999 _c60111
_d60111